LEADER 01480nam a2200313 i 4500 001 000000064534 003 CaOOAMICUS 005 20230131144718.0 008 130920s1991 it u000 u ita u 020 $a88-399-0591-X 040 $aSeMil$bita 100 1 $aGutiérrez, Gustavo,$c.$0(OLS)http://semarc/name/22319 245 13$aLa nuova frontiera della teologia in America Latina /$cGustavo Gutiérrez ... [et al.] ; a cura di Rosino Gibellini ; [Bibliografia a cura di Raúl Vidales]. 250 $a2. Ed. aumentata 260 $aBrescia :$bQueriniana,$c1991. 300 $a492 p. ;$c20 cm. 490 0 $aGiornale di teologia ;$v91 650 4$aAmerica Latina - Teologia.$0(OLS)http://semarc/subject/5689 650 4$aTeologia - Storia - Sec. 20.-21.$0(OLS)http://semarc/subject/1193 650 4$aTeologia della liberazione.$0(OLS)http://semarc/subject/8059 700 1 $aVidales, Raul.$0(OLS)http://semarc/name/32517 700 1 $aGibellini, Rosino,$d<1926-2022>.$0(OLS)http://semarc/name/14 830 0$aGiornale di teologia ;$v91.$0(OLS)http://semarc/title/419620 850 $aSeMil 852 $aSeMil$W1$xVenegono$y1$m2XA G 91$j236833$B30687$CSeMilBibl$Z2$F30690 $81 996 $6020$a88-399-0591-X$9(OLS)http://semarc/number/41542 996 $6245$aLa nuova frontiera della teologia in America Latina$9(OLS)http://semarc/title/102205 996 $6260$aBrescia :$bQueriniana$9(OLS)http://semarc/publisher/29615 LEADER 01288nam a2200265 i 4500 001 000000081750 003 CaOOAMICUS 005 20180214000000.0 008 180214s1949 it u000 u ita u 013 $a53990 040 $aSeMil$bita 100 1 $aAngrisani, Giuseppe .$0(OLS)http://semarc/name/10170 245 10$aComunismo e Giustizia Sociale Cristiana /$cMons. Giuseppe Angrisani ; conferenze utili specialmente ai parroci e ai conferenzieri di A. C. con Lettera-presentazione di Sua Eminenza il Sig. Cardinale Maurilio Fossati, Arcivescovo di Torino. 250 $a2. Edizion. 260 $aTorino ; Roma :$bMarietti,$c1949. 300 $aXIII, 225 p. ;$c22 cm. 650 4$aGiustizia.$0(OLS)http://semarc/subject/1321 650 4$aCristianesimo.$0(OLS)http://semarc/subject/425 650 4$aComunismo.$0(OLS)http://semarc/subject/9741 700 1 $aFossati, Maurilio,$c.$0(OLS)http://semarc/name/82480 850 $aSeMil 852 $aSeMil$W1$xVenegono$y1$m2E IV 422$j46945$B46945$CSeMilBibl$Z2$F9349 $81 961 $aRecupero: Seminario di Seveso 996 $6245$aComunismo e Giustizia Sociale Cristiana$9(OLS)http://semarc/title/404731 996 $6260$aTorino ; Roma :$bMarietti$9(OLS)http://semarc/publisher/32636